[Event "DRUGA LIGA CENTRALNE SRBIJE 2013 - Istok"]
[Site "Zajecar"]
[Date "2013.10.12"]
[Round "5.55"]
[White "Dragic, Vladimir"]
[Black "Kostic, Tomislav **"]
[Result "0-1"]
[WhiteElo "2145"]
[BlackElo "1991"]
[PlyCount "0"]
[EventDate "2013.10.10"]

1.d4 Nf6 2.Nf3 e6 3.e3 b6 4.Nbd2 Bb7 5.Bd3 d5 6.Ne5 Bd6 7.O-O
O-O 8.f4 c5 9.b3 Ne4 10.Nxe4 dxe4 11.Be2 Nc6 12.Bb2 Ne7 13.c4
Nf5 14.Qc1 Qc7 15.Ng4 f6 16.g3 Rad8 17.Rd1 h5 18.Nf2 cxd4 19.exd4
h4 20.Nh1 hxg3 21.hxg3 Nxg3 22.Nxg3 Bxf4 23.Qc3 Bxg3 24.Ba3 Qf4 0-1

[Event "DRUGA LIGA CENTRALNE SRBIJE 2013 - Istok"]
[Site "Zajecar"]
[Date "2013.10.12"]
[Round "5.56"]
[White "Zivanovic, Zoran M"]
[Black "Floricelovic, Milos *"]
[Result "1-0"]
[WhiteElo "2026"]
[BlackElo "2042"]
[PlyCount "0"]
[EventDate "2013.10.10"]

1.e4 c5 2.Nf3 e6 3.d4 cxd4 4.Nxd4 Nc6 5.Nc3 Qb6 6.Nxc6 bxc6 7.Bd3
d5 8.O-O Nf6 9.exd5 cxd5 10.Bg5 Bd7 11.Qe2 Be7 12.Bxf6 gxf6 13.Rfe1
Qc5 14.Bb5 Rb8 15.Bxd7+ Kxd7 16.Rad1 Bd6 17.Qh5 Rbf8 18.Nxd5
exd5 19.Rxd5 Qc6 20.Red1 Re8 21.Rxd6+ Qxd6 22.Rxd6+ Kxd6 23.g3
Re7 24.c4 Rc8 25.Qd5+ Kc7 26.b4 Rd7 27.Qa5+ Kb8 28.c5 Rcc7 29.Qa6
Rd4 30.a3 f5 31.Qf6 Rd3 32.a4 Rb3 33.Qd8+ Rc8 34.Qd6+ Rc7 35.b5
Rb4 36.b6 1-0

[Event "DRUGA LIGA CENTRALNE SRBIJE 2013 - Istok"]
[Site "Zajecar"]
[Date "2013.10.12"]
[Round "5.63"]
[White "Vranjanac, Cedomir"]
[Black "Trickovic, Borivoje"]
[Result "1/2-1/2"]
[WhiteElo "1825"]
[BlackElo "2259"]
[PlyCount "0"]
[EventDate "2013.10.10"]

1.Nf3 d6 2.d4 Nf6 3.Nc3 g6 4.e4 Bg7 5.Bf4 c6 6.e5 dxe5 7.dxe5
Nd5 8.Nxd5 cxd5 9.c4 e6 10.cxd5 exd5 11.Bb5+ Nc6 12.Qa4 Bd7 13.O-O
a6 14.Bxc6 Bxc6 15.Qb4 Qe7 16.Qd2 h6 17.h4 Rd8 18.Nd4 Qxh4 19.g3
Qe7 20.Rfe1 1/2-1/2

[Event "DRUGA LIGA CENTRALNE SRBIJE 2013 - Istok"]
[Site "Zajecar"]
[Date "2013.10.12"]
[Round "5.64"]
[White "Dimitrijevic, Dusan *"]
[Black "Zlatanovic, Jovana **"]
[Result "1-0"]
[WhiteElo "2048"]
[BlackElo "1707"]
[PlyCount "0"]
[EventDate "2013.10.10"]

1.d4 Nf6 2.c4 e6 3.Nc3 Bb4 4.e3 O-O 5.Nf3 d6 6.Qc2 c5 7.Bd3 Re8
8.O-O Bxc3 9.Qxc3 Na6 10.a3 Qe7 11.e4 e5 12.dxc5 dxc5 13.Bg5
Bg4 14.Nd2 Nb8 15.f3 Bd7 16.b4 b6 17.Rab1 Nc6 18.Rfd1 h6 19.Bh4
Rab8 20.Nf1 Nd4 21.Ne3 Nxe4 22.Qxd4 exd4 23.Bxe7 dxe3 24.Bxe4
Rxe7 25.bxc5 b5 26.c6 e2 27.Rxd7 Rxd7 28.cxd7 Rd8 29.Kf2 Rxd7
30.Kxe2 Re7 31.Rxb5 1-0